Welcome to CU Library Online Public Access Catalogue (OPAC)

Corporate public relations : (Record no. 4707)

MARC details
000 -LEADER
fixed length control field 00732pam a2200217 a 4500
001 - CONTROL NUMBER
control field 2420707
005 - DATE AND TIME OF LATEST TRANSACTION
control field 20250312111316.0
008 - FIXED-LENGTH DATA ELEMENTS--GENERAL INFORMATION
fixed length control field 870427s1987 nju b 001 0 eng
020 ## - INTERNATIONAL STANDARD BOOK NUMBER
International Standard Book Number 0805800522
020 ## - INTERNATIONAL STANDARD BOOK NUMBER
International Standard Book Number 0805800719 (pbk.)
050 00 - LIBRARY OF CONGRESS CALL NUMBER
Classification number HD59.6.U6
Item number O4 1987
082 00 - DEWEY DECIMAL CLASSIFICATION NUMBER
Classification number 659.2/0973
Edition information 19
100 1# - MAIN ENTRY--PERSONAL NAME
Personal name Olasky, Marvin N.
245 10 - TITLE STATEMENT
Title Corporate public relations :
Remainder of title a new historical perspective /
Statement of responsibility, etc. Marvin N. Olasky.
260 ## - PUBLICATION, DISTRIBUTION, ETC.
Place of publication, distribution, etc. Hillsdale, N.J. :
Name of publisher, distributor, etc. L. Erlbaum Associates,
Date of publication, distribution, etc. c1987.
300 ## - PHYSICAL DESCRIPTION
Extent x, 180 p. ;
Dimensions 24 cm.
500 ## - GENERAL NOTE
General note Includes index.
650 #0 - SUBJECT ADDED ENTRY--TOPICAL TERM
Topical term or geographic name entry element Public relations
Geographic subdivision United States
General subdivision History.
856 42 - ELECTRONIC LOCATION AND ACCESS
Materials specified Publisher description
Uniform Resource Identifier <a href="http://www.loc.gov/catdir/enhancements/fy0745/87003551-d.html">http://www.loc.gov/catdir/enhancements/fy0745/87003551-d.html</a>
942 ## - ADDED ENTRY ELEMENTS (KOHA)
Source of classification or shelving scheme Library of Congress Classification
Koha item type Books
Suppress in OPAC No
999 ## -
-- 4707
-- 4707
Holdings
Withdrawn status Lost status Source of classification or shelving scheme Damaged status Not for loan Collection Home library Current library Shelving location Date acquired Total checkouts Full call number Barcode Date last seen Copy number Price effective from Koha item type
    Library of Congress Classification     Non-fiction Undergraduate Library (Christ Temple) Undergraduate Library (Christ Temple) General stacks 03/12/2025   HD59.6.U6 OLA ulct00001659 03/12/2025 1 03/12/2025 Books
© 2023-2024 Copyright: Central University Libraries. All Rights Reserved | Created by: Mahone Tech Office